000 01187nam1a22002531i 4500
001 rc\3022915
005 20260407063934.0
035 _a(NLR Aleph) 007164753
090 _a7285265
_c7285265
100 _a20110928d1940 |||y0rusy50 ca
101 0 _arus
102 _aRU
105 _ay z |||||
200 1 _aПутешествия
_eТ. 1-
_fН.Н. Миклухо-Маклай
_gПодготовили к печати И.Н. Винников и А.Б. Пиотровский
_gАкад. наук СССР, Ин-т этнографии
210 _aМосква
_aЛенинград
_cИзд-во Акад. наук СССР
_d1940
_eТаллин
215 _d26 см
700 1 _7ca
_8rus
_aМиклухо-Маклай
_bН. Н.
_cэтнограф, антрополог, путешественник
_f1846-1888
_gНиколай Николаевич
_9123607
_3RU\NLR\AUTH\7713928
702 1 _aВинников
_bИ.Н.
_f1897-1973
_gИсаак Натанович
_4570
702 1 _aПиотровский
_bА.Б.
_gАлександр Брониславович
_4570
801 0 _aRU
_bNLR
_gpsbo
801 1 _aRU
_bELAR
_2rusmarc
852 _aNLR
_jГ02 В-7/2(1)
942 _cBOOK